000 00640nam a2200193Ia 4500
008 140527s9999 xx 000 0 und d
020 _a9780313397172
050 _aHF 5384
_b.M375 2012
100 _aMartin, Jeanette S.
245 _aGlobal business etiquette :
_ba guide to international communication and customs /
_cJeanette S. Martin, Lillian H. Chaney.
250 _a2nd ed.
260 _aSanta Barbara, Calif. :
_bPraeger,
_cc2012.
300 _a229 p. ;
_c25 cm.
500 _aIncludes bibliographical references and index.
521 _aBSBA
650 _aBusiness communication
942 _kFOR
_cBK
999 _c117410
_d117410